[Event "Augustow op"]
[Site "Augustow"]
[Date "2004.??.??"]
[Round "4"]
[White "Filipowicz, Michal"]
[Black "Gryglas, Marta"]
[Result "1-0"]
[WhiteElo "1600"]
[BlackElo "1400"]
[PlyCount "159"]
[EventDate "2004.08.??"]
[EventType "swiss"]
[EventRounds "9"]
[EventCountry "POL"]
[SourceTitle "EXT 2008"]
[Source "ChessBase"]
[SourceDate "2007.11.25"]
[SourceVersion "1"]
[SourceVersionDate "2007.11.25"]
[SourceQuality "1"]

1. e4 e5 2. Nf3 Nc6 3. Bc4 Nf6 4. d3 Bc5 5. Bg5 h6 6. Bh4 a6 7. h3 Nd4 8. Nxd4 Bxd4 9. c3 Bc5 10. 0-0 g5 11. Bg3 d5 12. exd5 Nxd5 13. Bxe5 f6 14. Bh2 b6 15. d4 Be7 16. Qf3 Bb7 17. Qh5+ Kd7 18. Qf7 Kc8 19. Re1 Rf8 20. Qe6+ Qd7 21. Qxd7+ Kxd7 22. Nd2 Bd6 23. Bxd6 cxd6 24. Bxd5 Bxd5 25. a3 a5 26. b4 axb4 27. axb4 Rxa1 28. Rxa1 b5 29. Ra7+ Kc6 30. Rh7 Re8 31. Kf1 f5 32. Rxh6 g4 33. h4 Rg8 34. g3 Bf7 35. Rf6 Rg7 36. Rxf5 Kd7 37. Rg5 Rh7 38. Rxg4 Bh5 39. Rf4 Bg6 40. Ne4 Ke7 41. Ke2 d5 42. Nd6 Bh5+ 43. g4 Bxg4+ 44. Rxg4 Kxd6 45. Rg6+ Ke7 46. Rb6 Rxh4 47. Rxb5 Ke6 48. Rb6+ Kd7 49. Rf6 Re4+ 50. Kd3 Rh4 51. Kc2 Ke7 52. Rf3 Rh8 53. Kb3 Kd6 54. Rf6+ Ke7 55. Rc6 Kd7 56. Ra6 Rd8 57. b5 Rg8 58. Kb4 Kc7 59. f4 Rf8 60. Kc5 Rxf4 61. Kxd5 Rf5+ 62. Kc4 Kb7 63. d5 Re5 64. Kc5 Rf5 65. c4 Rh5 66. Rb6+ Kc7 67. Rc6+ Kb7 68. b6 Rg5 69. Rc7+ Kb8 70. Kc6 Rg6+ 71. d6 Rg4 72. c5 Rg8 73. b7 Rd8 74. Rc8+ Rxc8+ 75. bxc8Q+ Kxc8 76. d7+ Kd8 77. Kb7 Kxd7 78. c6+ Ke7 79. c7 Kd6 80. c8Q 1-0

[Event "Augustow op"]
[Site "Augustow"]
[Date "2004.??.??"]
[Round "6"]
[White "Grzyb, Andrzej"]
[Black "Filipowicz, Michal"]
[Result "1-0"]
[WhiteElo "1600"]
[BlackElo "1600"]
[PlyCount "133"]
[EventDate "2004.08.??"]
[EventType "swiss"]
[EventRounds "9"]
[EventCountry "POL"]
[SourceTitle "EXT 2008"]
[Source "ChessBase"]
[SourceDate "2007.11.25"]
[SourceVersion "1"]
[SourceVersionDate "2007.11.25"]
[SourceQuality "1"]

1. f4 d5 2. Nf3 Bg4 3. e3 e6 4. b3 Nc6 5. Bb5 Nge7 6. Bb2 a6 7. Bxc6+ Nxc6 8. d3 f6 9. Nbd2 Bc5 10. Qe2 Nb4 11. Kd1 Qd7 12. h3 Bh5 13. g4 Bf7 14. g5 Be7 15. Rg1 0-0-0 16. Qf2 Nc6 17. Ke1 Nb4 18. Kd1 Rhg8 19. a3 Nc6 20. Ke2 Bh5 21. Qh4 Bxf3+ 22. Nxf3 fxg5 23. fxg5 h6 24. Qf2 h5 25. h4 g6 26. Ne5 Nxe5 27. Bxe5 Rgf8 28. Qe1 Bd6 29. Bxd6 Qxd6 30. Qg3 Qxg3 31. Rxg3 Rf5 32. c4 c6 33. cxd5 exd5 34. Rf3 Rdf8 35. Raf1 Rxf3 36. Rxf3 Rxf3 37. Kxf3 Kd7 38. d4 Ke6 39. e4 dxe4+ 40. Kxe4 b6 41. Kf4 Kd5 42. Ke3 Ke6 43. Ke4 c5 44. dxc5 bxc5 45. b4 c4 46. Kd4 c3 47. Kxc3 Kf5 48. Kd4 Kg4 49. b5 Kxh4 50. b6 Kg3 51. b7 h4 52. b8Q+ Kg2 53. Qh8 h3 54. Kd5 h2 55. Ke5 h1Q 56. Qxh1+ Kxh1 57. Kf6 Kg2 58. Kxg6 Kf3 59. Kf7 Ke4 60. g6 Kd5 61. g7 Kc5 62. g8Q Kc4 63. Ke7+ Kc5 64. Qd8 Kc4 65. Qd2 Kc5 66. Ke6 Kb5 67. Kd6 1-0

[Event "Augustow op"]
[Site "Augustow"]
[Date "2004.??.??"]
[Round "1"]
[White "Murawko, Katarzyna"]
[Black "Filipowicz, Michal"]
[Result "0-1"]
[WhiteElo "1400"]
[BlackElo "1600"]
[PlyCount "90"]
[EventDate "2004.08.??"]
[EventType "swiss"]
[EventRounds "9"]
[EventCountry "POL"]
[SourceTitle "EXT 2008"]
[Source "ChessBase"]
[SourceDate "2007.11.25"]
[SourceVersion "1"]
[SourceVersionDate "2007.11.25"]
[SourceQuality "1"]

1. e4 e5 2. Nf3 Nc6 3. Bc4 Bc5 4. 0-0 d6 5. c3 Bg4 6. Be2 Nf6 7. d4 exd4 8. cxd4 Bb6 9. Bg5 Bxf3 10. Bxf3 Bxd4 11. Bxf6 Qxf6 12. e5 Nxe5 13. Qxd4 Nxf3+ 14. gxf3 Qxd4 15. Re1+ Kd7 16. Nc3 Rhe8 17. Red1 Qf6 18. Kg2 Qg5+ 19. Kf1 Qh4 20. Kg1 Re6 21. Ne4 Rxe4 22. fxe4 Qxe4 23. Re1 Qg4+ 24. Kh1 Re8 25. Rg1 Qf3+ 26. Rg2 Re6 27. Rag1 Rg6 28. h4 Rxg2 29. Rxg2 Qxg2+ 30. Kxg2 Ke6 31. Kg3 d5 32. Kf3 c5 33. a3 b5 34. b4 c4 35. Ke2 Ke5 36. Kd2 Kd4 37. Kc2 f6 38. Kb2 Kd3 39. f4 Kd2 40. f5 c3+ 41. Kb3 c2 42. a4 bxa4+ 43. Kxa4 c1Q 44. Ka5 Qc7+ 45. Ka6 Qb6# 0-1